000 01020nam a22003017a 4500
003 CHAP
005 20220329143139.0
008 060809d2006 mx r 00110 spa d
010 _a92517
011 _a93489
020 _a9707050349
035 _a104063
040 _cCHAP
082 0 4 _a621.26
_bR66
100 1 _aRossel Kipping, Erich Dietmar.
_9100205
245 1 0 _aPrincipios funcionales de las máquinas hidráulicas
_c/por Erich Dietmar Rossel Kipping [y otros]
260 _aSan Luis Potosí, S L. P. :
_bUniversidad Autónoma de San Luis Potosí. Facultad de Ingeniería,
_c2006.
300 _a95 p. :
_bilus.
590 _aBATCH-UPD
_b10
_c20130110
_lUCH01
_h0711
590 _aBATCH-UPD
_b10
_c20130410
_lUCH01
_h0357
590 _aBATCH-UPD
_b10
_c20130914
_lUCH01
_h1757
590 _aCONVERSION
_b10
_c20130109
_lUCH01
_h1351
650 0 4 _aMaquinaria hidráulica.
_971217
901 _aBK
905 _aLilia
942 _cLIBRO
949 _a621.26 R66
_bBC
_cLIBRO
_d33724000990313
_eLIBRO
_h108125
_i104063
_si
999 _c92517
_d92517